The Ukraine Quiz Stats

 Plays Quiz Updated Apr 1, 2020

Support Sporcle.
Go Orange.
Score 0/33 Timer 06:00
1 Play Today
Clue Answer % Correct
Flag ColorAzure
96%
Flag ColorGolden Yellow
95%
Independence fromSoviet Union
93.1%
Bordering NationRussia
92.2%
Capital CityKyiv
88.1%
ContinentEurope
83.1%
Bordering NationBelarus
80.9%
Drives on the...Right
79.6%
Bordering NationRomania
79%
Bordering NationPoland
78.7%
Bordering SeaBlack Sea
78.6%
Main Ethnic GroupUkrainian
74.9%
Official LanguageUkrainian
74.9%
Bordering NationMoldova
74.4%
Official NameUkraine
71.5%
Bordering NationHungary
69.8%
Bordering NationSlovakia
67.8%
Clue Answer % Correct
Largest ReligionUkrainian Orthodox
61.3%
Date of IndependenceAugust 24th, 1991
50.3%
Internet Code.ua
50.3%
Autonomous RegionCrimea
49.6%
Year Constitution Adopted1996
38.2%
Fourth Largest CityDnipro
36.4%
Time ZoneUTC +2/UTC +3
34.7%
Second Largest CityKharkiv
30.4%
Bordering SeaSea of Azov
28.6%
Third Largest CityOdesa
28.3%
PresidentVolodymyr Zelensky
23.2%
CurrencyHryvnia
19%
ParliamentRada
13.6%
Calling Code+380
13%
Prime MinisterDenys Shmyhal
10.4%
National AnthemUkraine Has Not Yet Perished
6.2%

You're not logged in!

Compare scores with friends on all Sporcle quizzes.
OR
Log In

From the Vault

Multi-Category Minefield Blitz: MLB

by Thebiguglyalien

You can't spell 'Minefield Blitz' without M, L, and B.
Remove Ads.
Support Sporcle.
Get the best of Sporcle when you Go Orange. This ad-free experience offers more features, more stats, and more fun while also helping to support Sporcle. Thank you for becoming a member.

Show Comments

Extras

Top Quizzes Today


Score Distribution

Your Account Isn't Verified!

In order to create a playlist on Sporcle, you need to verify the email address you used during registration. Go to your Sporcle Settings to finish the process.

Report this User

Report this user for behavior that violates our Community Guidelines.

Details: